Fundamentals of English Grammar (Record no. 30312)

MARC details
000 -LEADER
fixed length control field 00445nam a2200193Ia 4500
020 ## - INTERNATIONAL STANDARD BOOK NUMBER
ISBN 0-13-013633-6
050 ## - CALL MARK
Classification number PE1128.p46
100 ## - STATEMENT OF RESPONSIBILITY--MAIN AUTHOR NAME
Personal name Betty Schrampfer Azar
245 #0 - TITLE STATEMENT
Title Fundamentals of English Grammar
250 ## - EDITION / VOLUME STATEMENT
Edition / Volume statement Third Edition
260 ## - PUBLICATION, DISTRIBUTION, ETC. (IMPRINT)
Place of publication New York
260 ## - PUBLICATION, DISTRIBUTION, ETC. (IMPRINT)
Name of publisher Longman
260 ## - PUBLICATION, DISTRIBUTION, ETC. (IMPRINT)
Year of publication 1985
300 ## - PHYSICAL DESCRIPTION
Number of Pages 333 p
650 ## - SUBJECT ADDED ENTRY--TOPICAL TERM
Topical Term Grammar
942 ## - ADDED ENTRY ELEMENTS (KOHA)
Koha item type Books
Holdings
Withdrawn status Lost status Source of classification or shelving scheme Damaged status Not for loan Permanent Location Current Location Shelving location Date acquired Accession Number Price effective from Koha item type
    Library of Congress Classification     NILE UNIVERSITY OF NIGERIA - MAIN LIBRARY NILE UNIVERSITY OF NIGERIA - MAIN LIBRARY Items on shelf 04/23/2025 0005491 04/23/2025 Books